[Event "Protvino zt"]
[Site "Protvino"]
[Date "1993.??.??"]
[Round "?"]
[White "Bagaturov, Giorgi"]
[Black "Nalbandian, Tigran"]
[Result "1-0"]
[WhiteElo "2485"]
[BlackElo "2405"]
[Annotator "Ftacnik,L"]
[PlyCount "51"]
[EventDate "1993.03.??"]
[EventType "tourn"]
[EventRounds "9"]
[EventCountry "RUS"]
[EventCategory "10"]
[SourceTitle "CBM 035"]
[Source "ChessBase"]
[SourceDate "1993.08.01"]
[SourceVersion "1"]
[SourceVersionDate "1993.08.01"]
[SourceQuality "1"]

1. d4 {Hansen,LB} d5 2. Nf3 Nf6 3. c4 c6 4. Nc3 e6 5. e3 Nbd7 6. Bd3 dxc4 7.
Bxc4 b5 8. Bd3 Bb7 9. e4 b4 10. Na4 c5 11. e5 Nd5 12. O-O h6 13. Qe2 $5 (13.
Bd2 Rc8 14. Qe2 Bc6 15. b3 Bxa4 16. bxa4 cxd4 17. Nxd4 Bc5 18. Nb3 Be7 19. Bc4
O-O 20. Bxd5 exd5 21. Rad1 Nb6 22. a5 Na4 23. Qb5 Nb2 24. Rb1 $10 {Olafsson,
H-Dorfman,J/Reykjavik FRA-ISD (3)/1993/}) (13. a3 a6 14. Re1 Rc8 (14... Qc7 15.
Bd2 g5 16. dxc5 bxa3 17. b4 Bg7 18. h3 Nxe5 19. Nxe5 Bxe5 20. Rxa3 Rd8 21. Qh5
$13 {Razuvaev,Y-Shabalov,A/Jurmala/1987/}) 15. axb4 c4 16. Be4 Bxb4 17. Bd2 a5
18. Nc3 N7b6 19. Bc2 O-O 20. Qe2 Ne7 21. Rad1 Ng6 22. Ne4 Nd5 23. Nd6 Bxd6 24.
exd6 $13 {Piket,J-Oll,L/Manila olm/1992/}) (13. dxc5 Bxc5 14. Nxc5 Nxc5 15.
Bb5+ Kf8 (15... Ke7 $5 {Hansen,LB} 16. Qd4 Qb6 17. Bc4 Rhd8 18. Qg4 Kf8 19.
Bxd5 $1 Rxd5 20. Be3 Qb5 21. a4 $1 Nxa4 $2 (21... bxa3 22. bxa3 Nd3 $13) 22.
Nd4 Qd7 23. Nxe6+ $1 fxe6 24. Qxb4+ Kg8 25. Qxa4 Qxa4 26. Rxa4 Rxe5 27. Rxa7
Rxa7 28. Bxa7 $14 {Hansen,LB-Rasmussen,K/DK-ch play off(1)/1993}) 16. Qd4 Rc8
17. Bd2 Qb6 18. Be2 g6 19. Qh4 Kg7 20. Rac1 Ba6 21. Bxa6 Qxa6 22. Be3 Nd3 23.
Rxc8 Qxc8 24. Qd4 $10 {Gelfand,B-Oll,L/Vilnius/1988/}) (13. Re1 Rc8 14. dxc5
Nxc5 15. Bb5+ Bc6 16. Bxc6+ Rxc6 17. Nd4 Rc8 {0,5/Mikhalchishin,
A-Reefschlaeger,H/Balatonbereny op (7)/1988/}) (13. Be3 a6 14. Rc1 Rc8 15. Bb1
Be7 16. dxc5 Nxe3 17. fxe3 Bxc5 18. Nxc5 Nxc5 19. Qxd8+ Kxd8 20. Nd2 Nd7 21.
Nc4 Rf8 22. Nd6 Rxc1 23. Rxc1 Bd5 24. e4 $13 {Miralles,G-Pinter,J/FRA-chT/1991/
}) 13... Qa5 (13... cxd4 14. Nxd4 Rc8 (14... Be7 15. Nxe6 fxe6 16. Bg6+ Kf8 17.
Qf3+ N7f6 18. exf6 gxf6 19. Qh5 $40) 15. Bd2 $13) (13... a6 14. dxc5 Nxc5 15.
Nxc5 Bxc5 16. Bb5+ Ke7 $1 $13) (13... Bc6 $1 {Hansen,LB} 14. Nxc5 Nxc5 15. dxc5
Bxc5 {White has now won a tempo compared to the well-known variation 12.Nc5,
Nc5.13. dc5,Bc5.14.0-0,h6.15.Qe2,Qb6;however,this tempo seems to be
insignificant.} 16. Bd2 Qb6 17. Rac1 Rc8 18. Bc4 $5 O-O $1 19. Ne1 Bd4 20. Nd3
a5 21. Qg4 Kh7 22. Qe4+ Kg8 23. Qg4 Kh7 $10 {Hansen,LB-Rasmussen,K/DK-ch play
off(3)/1993}) 14. Nxc5 Bxc5 $6 (14... Nxc5 15. dxc5 Bxc5 16. Bb5+ Ke7 17. Bd2
Qb6 $13) 15. dxc5 Nxc5 16. Bb5+ Ke7 (16... Nd7 17. Bd2 N5b6 18. Nd4 a6 19. Bc6
$16) (16... Kf8 {Hansen,LB}) 17. Nd4 Qc7 (17... Rhc8 18. Bd2 $14 (18. Bd2 {
Hansen,LB} Qb6 19. a3 $1 $14 {|^;^^;X Ke7})) 18. Be3 a6 $2 (18... Qxe5 $2 19.
Nc6+ Bxc6 20. Bxc5+ Kf6 21. Qxe5+ Kxe5 22. Bxc6 $18) (18... Nxe3 19. Qxe3 Qb6
20. Rac1 Rhc8 $14) 19. Rac1 Nxe3 (19... axb5 20. Nxb5 Nf4 21. Qd2 $1 $18) (
19... Qxe5 $4 {Hansen,LB} 20. Nc6+ Bxc6 21. Bxc5+ $18) 20. Qxe3 axb5 (20...
Rhc8 $5 {Hansen,LB} 21. a3 $1 (21. Nc6+ Ke8 $1 (21... Bxc6 $2 22. Qxc5+ $18)
22. Na7+ axb5 23. Nxb5 $5 Qc6 24. Nd6+ Kf8 $1 25. Nxb7 Qxb7 26. Rxc5 Rxc5 (
26... Rxa2 $6 27. Rxc8+ Qxc8 28. Qb3 $1 $16) 27. Qxc5+ Kg8 $14) (21. Bc6 Bxc6
22. Rxc5 Qb7) 21... bxa3 (21... axb5 22. axb4 Qb6 (22... Qb8 23. bxc5 $18) 23.
bxc5 Rxc5 $2 24. Rxc5 Qxc5 25. Nf5+ $18) 22. Bc6 $1 Bxc6 (22... axb2 23. Rxc5
Qb6 24. Qa3 $1 b1=N (24... b1=Q 25. Rb5+ $18) 25. Rxb1 $1 Qxb1+ 26. Rc1+ $18)
23. Rxc5 Qb6 (23... axb2 24. Rxc6 Qb7 (24... Qa5 25. Rb6 $1) 25. Rb6 $1 $18)
24. Qxa3 Ke8 25. Nxc6 Rxc6 26. Qa4 $1 Rac8 27. Rfc1 Kd7 $8 28. b4 $16) 21. Rxc5
$1 Qd7 (21... Qxc5 22. Nf5+ $18) 22. Nxb5 Rhc8 23. Nd6 Rc6 (23... Rxc5 24. Qxc5
Bd5 25. Nc4+ Kd8 26. Nb6 $18) 24. Rfc1 Raa6 25. Nxb7 Qxb7 26. Qf3 $1 1-0

[Event "London WFW"]
[Site "London"]
[Date "1991.??.??"]
[Round "?"]
[White "Wells, Peter K"]
[Black "Conquest, Stuart"]
[Result "1-0"]
[WhiteElo "2460"]
[BlackElo "2460"]
[Annotator "Ftacnik,L"]
[PlyCount "79"]
[EventDate "1991.05.??"]
[EventType "tourn"]
[EventRounds "13"]
[EventCountry "ENG"]
[EventCategory "11"]
[SourceTitle "CBM 024"]
[Source "ChessBase"]
[SourceDate "1991.10.01"]
[SourceVersion "1"]
[SourceVersionDate "1991.10.01"]
[SourceQuality "1"]

1. d4 d5 2. c4 c6 3. Nf3 Nf6 4. Nc3 e6 5. e3 Nbd7 6. Bd3 dxc4 7. Bxc4 b5 8. Bd3
b4 9. Na4 c5 10. e4 cxd4 11. Bb5 $5 Qa5 12. Bc6 Rb8 13. O-O e5 $1 14. Bf4 $3
Bd6 (14... exf4 15. e5 Nd5 16. Nxd4 $1 Ne7 17. Re1 $40) 15. Bg3 Bc7 (15... O-O
$5 16. Nxd4 Qc7 17. Nf5 Qxc6 18. Rc1 Qxe4 (18... Bc5 19. Ne7+ $18) 19. Nxd6 Qd5
(19... Qg4 20. Qxg4 Nxg4 21. Rfd1 $146) (19... Qa8 $5) 20. Qxd5 Nxd5 21. Rfd1
$146) 16. Rc1 O-O 17. b3 Rd8 18. Bxd7 $1 Nxd7 19. Nxd4 $1 Nf6 20. Nc6 Rxd1 21.
Rfxd1 (21. Nxa5 $2 Rxf1+ 22. Kxf1 Bxa5 $19) 21... Qb5 22. Nxb8 Bg4 $1 (22...
Qxb8 23. Bxe5 $1 $18) 23. Rxc7 Bxd1 24. Rc8+ Ne8 25. Nc6 h5 (25... Kf8 26. Nxe5
$146) 26. h4 $6 (26. Rxe8+ Kh7 27. Rd8 Qxc6 28. Rxd1 Qc2 29. Re1 Qxa2 30. Bxe5
Qxb3 $13) 26... Kh7 27. Rxe8 Qxc6 28. Rxe5 f6 $2 (28... Qc2 $1 $132) 29. Re7
Bg4 30. f3 Be6 31. Rxa7 Kg6 32. Kh2 Bf7 33. Rc7 Qb5 34. Nc5 Qe2 35. Nd7 Kh6 36.
Nxf6 $1 gxf6 37. Rxf7 Qxa2 38. Rxf6+ Kg7 39. Rb6 Qxb3 40. Bd6 $138 {Ftacnik,L}
1-0

[Event "URS-ch U26"]
[Site "Minsk"]
[Date "1990.??.??"]
[Round "?"]
[White "Khenkin, Igor"]
[Black "Shabalov, Alexander"]
[Result "1-0"]
[WhiteElo "2450"]
[BlackElo "2465"]
[Annotator "Ftacnik,L"]
[PlyCount "95"]
[EventDate "1990.01.??"]
[EventType "tourn"]
[EventRounds "13"]
[EventCountry "URS"]
[EventCategory "10"]
[SourceTitle "CBM 017"]
[Source "ChessBase"]
[SourceDate "1990.08.01"]
[SourceVersion "1"]
[SourceVersionDate "1990.08.01"]
[SourceQuality "1"]

1. d4 d5 2. c4 c6 3. Nf3 Nf6 4. Nc3 e6 5. e3 Nbd7 6. Bd3 dxc4 7. Bxc4 b5 8. Be2
Bb7 9. O-O a6 10. e4 c5 11. e5 Nd5 12. a4 b4 13. Ne4 h6 (13... cxd4 14. Bg5 Qa5
15. Qxd4 h6 16. Bh4 Qb6 $1 (16... Nc5 17. Nfd2 $14) 17. Qd2 Nc5 18. Nxc5 Bxc5
19. a5 Qa7 20. Rfc1 O-O 21. Rc4 Rfc8 22. Bd3 Bc6 23. Rg4 Ne3 $5 24. Rg3 Kf8 $13
{Khenkin,I-Scherbakov,V/USSR/1989/}) (13... Rc8) 14. Nfd2 Be7 15. Nc4 O-O 16.
Ncd6 Bc6 17. Nxc5 Bxd6 18. exd6 Nb8 (18... N7f6 19. Nxa6 $16) 19. Ne4 a5 (19...
Nb6 20. Bf3) (19... f5 20. Nd2 Qxd6 21. Nc4 $16) 20. Re1 Nd7 21. Bd3 Qb6 22.
Bc2 Rac8 23. Qd3 N7f6 24. Nxf6+ Nxf6 25. Bf4 b3 (25... Bd5 26. Bb3 $16) 26.
Bxb3 Be4 27. Qb5 Qa7 28. d7 $1 $18 Ra8 29. Bd6 Rfd8 30. Be7 Rxd7 31. Bxf6 Bd5 (
31... Rb7 32. Qe5 gxf6 33. Qxf6 $18) 32. Be5 Rb7 33. Bxd5 Rxb5 34. Bxa8 Rxb2 (
34... Rxe5 35. Rxe5 Qxa8 36. Rb5 $18) 35. Bf3 f6 36. Bg3 Qxd4 37. Rad1 Rd2 (
37... Qxa4 38. Rxe6 $40) 38. Rc1 e5 39. Bc6 h5 40. h4 Kh7 41. Kh2 Kh6 42. Be4
Qxa4 43. Rc8 g6 44. Rg8 f5 45. Rh8+ Kg7 46. Bxe5+ Kf7 47. Rh7+ Kg8 48. Rc1 $1 {
Ftacnik,L} (48. Rc1 Kxh7 49. Rc8 g5 50. Bxf5+ Kh6 51. Rh8#) 1-0

[Event "Tilburg"]
[Site "Tilburg"]
[Date "1994.??.??"]
[Round "1"]
[White "Atalik, Suat"]
[Black "Shabalov, Alexander"]
[Result "1/2-1/2"]
[WhiteElo "2535"]
[BlackElo "2600"]
[Annotator "Ftacnik,L"]
[PlyCount "103"]
[EventDate "1994.09.??"]
[EventType "k.o."]
[EventRounds "7"]
[EventCountry "NED"]
[SourceTitle "CBM 044"]
[Source "ChessBase"]
[SourceDate "1995.02.01"]
[SourceVersion "1"]
[SourceVersionDate "1995.02.01"]
[SourceQuality "1"]

1. d4 d5 2. c4 c6 3. Nf3 Nf6 4. Nc3 e6 5. e3 Nbd7 6. Bd3 dxc4 7. Bxc4 b5 8. Bd3
Bb7 9. O-O b4 10. Ne4 Be7 11. Nxf6+ Nxf6 12. Qe2 (12. e4 O-O 13. e5 Nd7 14. Be4
Rb8 15. Qc2 h6 16. Be3 c5 $1 $132) 12... O-O 13. e4 c5 14. dxc5 Rc8 (14... Nd7
15. c6 $1 Bxc6 16. Be3 Bb7 17. Rac1 Qa5 18. Bb5 Rad8 19. Nd4 Bf6 20. f3 a6 21.
Bc4 Nc5 22. Rfd1 {0.5/Stohl,I-Novikov,V/Ostrava/1994/}) 15. a3 (15. Bf4) 15...
a5 $2 (15... bxa3 16. b4 a5 17. bxa5 Qxa5 18. Bxa3 Bxc5 19. Bb2 (19. e5 Bxa3
20. exf6 gxf6 21. Qe3 Rc3 $1) 19... Qd8 $10) 16. axb4 axb4 17. Bd2 Bxc5 18. e5
Ng4 (18... Nd5 $2 19. Bxh7+ Kxh7 20. Ng5+ Kg6 21. Qe4+ f5 22. exf6+ Kxf6 23.
Qxe6#) (18... Bxf3 19. Qxf3 Nd7 20. Qe4 g6 21. Bh6 Re8 22. Bb5 Rc7 23. Rfd1 Qe7
24. h4 $16) 19. Be4 (19. Ng5 h6 20. Nh7 Nxe5 $1 $132) 19... Qb6 20. Bxh7+ $1 (
20. Ng5 $6 Bxe4 21. Qxe4 Bxf2+ 22. Kh1 f5 23. exf6 Nxf6 24. Qxe6+ Qxe6 25. Nxe6
Rfe8 26. Rxf2 (26. Nxg7 Re2 $1) 26... Ne4 $17) (20. Bxb7 Qxb7 21. h3 Nh6 22.
Bxh6 gxh6 23. Nh2 f5 24. exf6 Rxf6 25. Ng4 Rg6 $13) 20... Kxh7 21. Ng5+ Kg8 22.
Qxg4 Rfd8 (22... Qc6 23. Rac1 Qd5 24. Nf3 Qe4 25. Qxe4 Bxe4 26. Rxc5 Rxc5 27.
Bxb4 Rb5 28. Bxf8 Kxf8 29. Ng5 $1 Bg6 30. f4 $16) 23. Qh5 $1 Rxd2 24. Qxf7+ Kh8
25. Qh5+ Kg8 26. Qf7+ Kh8 27. Qh5+ Kg8 28. Qh7+ Kf8 29. Qh8+ Ke7 30. Qxg7+ Kd8
(30... Ke8 $4 31. Qf7+ Kd8 32. Nxe6+ $18) 31. Rad1 Rxd1 (31... Bxf2+ 32. Kh1
Rcc2 33. Nf7+ Kc7 34. Nd6+ Kb8 35. Qf8+ Ka7 36. Ra1+ Ba6 37. Nc8+ Rxc8 38. Qxc8
$18) 32. Rxd1+ Bd5 33. Qf7 Bd4 34. h4 $1 Rc7 35. Qf8+ $2 (35. Nxe6+ $1 Bxe6 (
35... Qxe6 36. Qxe6 Bxe6 37. Rxd4+ Ke7 38. Rxb4 $18) 36. Qf8+ Kd7 37. Qf4 Ke8 (
37... Rc4 38. b3 $18) 38. Rxd4 $16) 35... Kd7 36. Qf4 Bxb2 37. h5 Qa6 $2 (37...
b3 $1 38. h6 Rc1 39. Rxc1 Bxc1 40. Qf7+ Kc8 41. h7 Bxg5 42. h8=Q+ Bd8 $13) 38.
Qxb4 Bxe5 39. Nf7 Qe2 40. Re1 $4 (40. Nxe5+ Qxe5 41. Qg4 $44) 40... Bh2+ 41.
Kxh2 Qxh5+ 42. Kg1 Qxf7 $19 43. Qb5+ Kc8 44. Qa6+ Kd8 45. Qd6+ Rd7 46. Qb8+ Ke7
47. Qb4+ Ke8 48. Qb8+ Rd8 49. Qg3 Rc8 50. Qg5 Rc2 51. f3 Bxf3 $4 52. Qb5+ $1 (
52. Qb5+ $1 Bc6 53. Qb8+ Ke7 54. Qc7+ Kf8 55. Qd8+ Kg7 56. Qg5+ Qg6 57. Qxg6+
Kxg6 58. Rxe6+ Kf5 59. Rd6 Rxg2+ 60. Kf1 Rc2 61. Ke1 $10) (52. gxf3 $4 Qa7+ 53.
Qe3 Qg7+ $19) 1/2-1/2

[Event "Biel SKA"]
[Site "Biel"]
[Date "1991.??.??"]
[Round "12"]
[White "Christiansen, Larry Mark"]
[Black "Bareev, Evgeny"]
[Result "1/2-1/2"]
[WhiteElo "2600"]
[BlackElo "2680"]
[Annotator "Ftacnik,L"]
[PlyCount "122"]
[EventDate "1991.07.??"]
[EventType "tourn"]
[EventRounds "14"]
[EventCountry "SUI"]
[EventCategory "15"]
[SourceTitle "CBM 025"]
[Source "ChessBase"]
[SourceDate "1991.12.01"]
[SourceVersion "1"]
[SourceVersionDate "1991.12.01"]
[SourceQuality "1"]

1. d4 d5 2. c4 c6 3. Nc3 Nf6 4. e3 e6 5. Nf3 Nbd7 6. Bd3 dxc4 7. Bxc4 b5 8. Bd3
Bb7 9. e4 b4 10. Na4 c5 11. e5 Nd5 12. O-O cxd4 13. Nxd4 Nxe5 14. Bb5+ Nd7 15.
Nc6 Qc7 16. Qxd5 Bd6 $1 {N} (16... exd5 17. Re1+ Be7 18. Nxe7 Kf8 19. Bg5 f6
20. Bd2 Qa5 21. Bc6 Ne5 22. Bxb7 Kxe7 23. Bxa8 Rxa8 24. f4 Qxa4 $17) 17. Re1
O-O 18. Qc4 (18. Ne7+ Kh8 $1 19. Qd1 Nf6 $17) 18... Rfc8 19. Bg5 Bxc6 20. Rac1
Nb8 (20... Bxb5 $2 21. Qxb5 Nc5 (21... Bxh2+ 22. Kh1 Qd6 23. Rcd1 $18) 22. Nxc5
Bxc5 23. Be3 $18) (20... Ne5 21. Rxe5 Bxe5 22. Bxc6 Bxh2+ 23. Kh1 $16) 21. Qg4
a6 (21... Bxh2+ 22. Kh1 Bd6 23. Bf6 Bf8 24. Rc5 Qd7 $17) 22. Bf6 Bf8 23. Bd3
Nd7 24. Bd4 Qd6 (24... e5 $5 25. Be3 Qd6 26. Red1 Qe7 $17) 25. Nc5 Nxc5 26.
Rxc5 f5 $6 (26... Bd5 $17) 27. Qe2 Bb5 (27... Qxd4 28. Qxe6+ Kh8 29. Rxc6 Rxc6
30. Qxc6 $14) 28. Rxc8 Rxc8 29. Bxb5 axb5 30. g3 Rc4 31. Be5 Qc5 32. Qf3 Rc2
33. Kg2 g5 34. Bf6 g4 35. Qf4 Bh6 36. Bg5 (36. Qxh6 $2 Qxf2+) 36... Bg7 37.
Qb8+ Kf7 38. Qb7+ Kg8 (38... Kg6 $2 39. Rxe6+) 39. Qb8+ Bf8 40. Be3 Qc6+ 41.
Kg1 Rxb2 42. Bd4 Rc2 (42... Rxa2 43. Qe5 $132) 43. Qd8 (43. Qe5 Rc1 44. Qh8+
Kf7 45. Qxh7+ Ke8 $17) 43... Qc7 44. Qf6 Qe7 45. Qh8+ Kf7 46. Qxh7+ Ke8 47.
Qg6+ Qf7 (47... Kd7 48. Bf6) 48. Rxe6+ Be7 49. Qh6 Rc1+ 50. Kg2 Kd7 51. Rxe7+ (
51. Re5 $2 Qc4 52. Rxe7+ Kxe7 53. Qf6+ Ke8 54. Qe5+ Kd8 55. Qd6+ Kc8 56. Qf8+
Kb7 57. Qe7+ Qc7 $19) 51... Qxe7 52. Qxc1 Qe4+ 53. Kg1 Qxd4 54. Qc2 Qd5 55. Qb3
Qe4 (55... Qxb3 56. axb3 Kd6 57. Kf1 Ke5 58. Ke1 Ke4 59. Ke2 Kd4 60. Kd2 $10)
56. a3 Qe1+ 57. Kg2 Qe4+ 58. Kg1 bxa3 59. Qxb5+ Qc6 60. Qxf5+ Qe6 61. Qb5+ Qc6
{Ftacnik,L} 1/2-1/2

[Event "URS-ch U26"]
[Site "Minsk"]
[Date "1990.??.??"]
[Round "?"]
[White "Shabalov, Alexander"]
[Black "Sorokin, Maxim"]
[Result "1-0"]
[WhiteElo "2465"]
[BlackElo "2455"]
[Annotator "Ftacnik,L"]
[PlyCount "67"]
[EventDate "1990.01.??"]
[EventType "tourn"]
[EventRounds "13"]
[EventCountry "URS"]
[EventCategory "10"]
[SourceTitle "CBM 017"]
[Source "ChessBase"]
[SourceDate "1990.08.01"]
[SourceVersion "1"]
[SourceVersionDate "1990.08.01"]
[SourceQuality "1"]

1. d4 d5 2. c4 e6 3. Nc3 c6 4. e3 Nf6 5. Nf3 Nbd7 6. Bd3 dxc4 7. Bxc4 b5 8. Bd3
Bb7 9. e4 b4 10. Na4 c5 11. e5 Nd5 12. O-O cxd4 13. Nxd4 Nxe5 14. Bb5+ Nd7 15.
Re1 Rc8 16. Qh5 g6 17. Qe5 Qf6 18. Nf3 $5 {N} (18. Qxf6 N5xf6 19. Bg5 Bg7 20.
Bxf6 Bxf6 {Ftacnik,L-Tukmakov,V/Biel/1988/ -> CBM 09} 21. Nxe6 $1 fxe6 22.
Rxe6+ Kf7 23. Bxd7 Rcd8 24. Rd6 Ke7 25. Re6+ $10) (18. Qe4 Bg7 $2 (18... Rc7 $1
$17) 19. Nxe6 $3 fxe6 20. Bg5 $16 {Mikhalchishin,A-Lanc,A/Trnava II/1988/})
18... Be7 (18... Bg7 $5) 19. Bh6 Rg8 20. Rac1 $40 Kd8 21. Qe2 Nb8 22. h4 a6 23.
Bc4 Re8 24. Red1 Rc7 25. Bg5 Qg7 26. Bxd5 Rxc1 (26... Bxd5 27. Rxc7 Kxc7 28.
Bxe7 Rxe7 29. Rxd5 $18) (26... exd5 27. Rxc7 Kxc7 28. Bf4+ $18) 27. Bxb7+ Rxd1+
28. Qxd1+ Kc7 29. Be4 Bxg5 30. hxg5 f5 31. gxf6 Qxf6 32. Qd2 Qe7 33. Ne5 Qd6
34. Qc2+ {Ftacnik,L} 1-0

[Event "Linares 12th"]
[Site "Linares"]
[Date "1994.??.??"]
[Round "10"]
[White "Bareev, Evgeny"]
[Black "Illescas Cordoba, Miguel"]
[Result "1-0"]
[WhiteElo "2685"]
[BlackElo "2590"]
[Annotator "Ftacnik,L"]
[PlyCount "81"]
[EventDate "1994.02.??"]
[EventType "tourn"]
[EventRounds "13"]
[EventCountry "ESP"]
[EventCategory "18"]
[SourceTitle "CBM 040"]
[Source "ChessBase"]
[SourceDate "1994.06.01"]
[SourceVersion "1"]
[SourceVersionDate "1994.06.01"]
[SourceQuality "1"]

1. d4 d5 2. c4 c6 3. Nc3 Nf6 4. Nf3 e6 5. e3 Nbd7 6. Bd3 dxc4 7. Bxc4 b5 8. Bd3
Bb7 9. e4 b4 10. Na4 c5 11. e5 Nd5 12. Nxc5 Bxc5 13. dxc5 Nxc5 14. Bb5+ Kf8 (
14... Ke7 15. Qd4 Qb6 16. Bc4 (16. Be2 h6 17. O-O (17. Nd2 $2 Nd7 18. Qxb6 axb6
19. Nc4 b3 20. a3 $15 {Razuvaev,Y-Kaidanov,G/Protvino/1988/}) 17... Rad8 18.
Bd2 g5 19. Rfc1 Nc3 20. Bxc3 Rxd4 21. Bxd4 Rc8 22. Nd2 Qd8 23. Bxc5+ Rxc5 24.
Rxc5 {Barbero,G-Bryson,D/Dubai ol/1986/}) 16... Nd7 17. Qg4 h6 18. O-O a5 19.
Bd2 Rhc8 20. Rfc1 Kf8 21. Qh5 Ne7 22. Be3 Bxf3 23. Qxf3 Qc6 24. Qxc6 $13 {
Polugaevsky,L-Panno,O/Palma de Mallorca/1972/}) 15. O-O h6 16. Qd4 (16. Nd4 g6
17. Qg4 Kg7 18. a3 a5 19. Bd2 h5 20. Qe2 Qh4 21. Qc4 Qe7 22. axb4 Ne4 23. Nxe6+
fxe6 24. Qxe4 $16 {Cvitan,O-Lisik,V/Budapest Spring op/1992/}) (16. Qe2 Qb6 17.
Bc4 Ke7 18. Bxd5 Bxd5 19. Be3 Rhc8 20. Rfc1 Qa5 21. Nd4 Nd7 22. b3 Rab8 23. Nc2
Ba8 24. Bd2 $13 {Parameswaran,T-Anand,V/Calcutta (06)/1992/}) 16... Rc8 (16...
Qb6 17. Bc4 $1 Rd8 18. Rd1 $1 (18. Qg4 Kg8 19. Nd4 a6 20. Bd2 Nd7 21. Nf3 a5
22. Rac1 Nc5 23. Bxd5 Rxd5 24. Be3 $16 {Ungureanu,E-Omar,I/Albania/1967/})
18... Ke7 19. Qg4 g5 $8 20. Bxd5 $1 Rxd5 21. Rxd5 Bxd5 22. Be3 Qa5 23. h4 Rg8
24. hxg5 $18 {Yakovich,Y-Meister,Y/USSR/1988/}) 17. Bd2 Qb6 18. Be2 $5 g6 (
18... Nd7 19. Qg4 Rc2 20. Bd3) 19. Rac1 Kg7 20. Qh4 Qd8 (20... b3 21. a3) (
20... Na4 21. Rxc8 Bxc8 22. Bc4 Nxb2 23. Bxd5 exd5 24. Bxb4 $16) 21. Qg4 a5 22.
h4 h5 $8 23. Qd4 Ne7 (23... Nd7 24. Rxc8 Qxc8 25. Rc1 Qb8 26. a3 $16) 24. Bg5
$1 Bxf3 (24... Qxd4 25. Bf6+ Kf8 26. Nxd4 Rg8 27. Nb5 $16) 25. Bf6+ Kh7 26.
Qxd8 Rhxd8 27. Bxf3 Rd7 28. Rfd1 Nd5 (28... Rxd1+ 29. Rxd1 Nf5 30. b3 $16) 29.
Bg5 Rcc7 30. Kf1 Na4 (30... Nb6 31. Bd8 $18) 31. Rxc7 Rxc7 32. Bxd5 exd5 33.
Rxd5 Nxb2 34. Rxa5 Nd3 35. Ra8 Rc2 36. f4 $1 Rb2 (36... Nc1 37. Bf6 g5 38. f5
$18) 37. Rd8 (37. Bf6 g5 38. f5 Rf2+) 37... b3 38. axb3 Rxb3 39. Ke2 (39. Bf6
Rb1+ 40. Ke2 Nxf4+ 41. Kf3 Rf1+) 39... Nc5 40. Bf6 Rb2+ 41. Kd1 (41. Kd1 g5 42.
f5 $18) 1-0

[Event "Toronto1"]
[Site "Toronto"]
[Date "1990.??.??"]
[Round "4"]
[White "Kozul, Zdenko"]
[Black "Tukmakov, Vladimir B"]
[Result "1/2-1/2"]
[WhiteElo "2575"]
[BlackElo "2570"]
[Annotator "Ftacnik,L"]
[PlyCount "87"]
[EventDate "1990.04.??"]
[EventType "tourn"]
[EventRounds "11"]
[EventCountry "CAN"]
[EventCategory "9"]
[SourceTitle "CBM 020"]
[Source "ChessBase"]
[SourceDate "1991.02.01"]
[SourceVersion "1"]
[SourceVersionDate "1991.02.01"]
[SourceQuality "1"]

1. d4 d5 2. c4 c6 3. Nc3 Nf6 4. e3 e6 5. Nf3 Nbd7 6. Bd3 dxc4 7. Bxc4 b5 8. Bd3
Bb7 9. e4 b4 10. Na4 c5 11. e5 Nd5 12. O-O cxd4 13. Re1 g6 14. Bg5 Be7 15. Bxe7
Qxe7 16. Bb5 O-O 17. Bxd7 Qxd7 18. Nc5 Qe7 {N} (18... Qb5) 19. Qxd4 Rad8 20.
Rac1 (20. Ne4 Ba8 21. Nd6 f6 $13) (20. Nxb7 Qxb7 21. Ng5 Kg7 22. Ne4 Qb6 $1 $13
) 20... Nb6 $5 21. Qxb4 Bxf3 22. gxf3 Rd5 23. f4 Rfd8 (23... Rc8 24. Nd3 Qd8 (
24... Qxb4 25. Nxb4 Rxc1 26. Rxc1 Rd4 27. Nc6 Rxf4 28. Nxa7 Ra4 29. Nc8 $1 $16)
25. Rxc8 Nxc8 26. Nc5 Rd4 $132) 24. Qa3 Rd2 25. Qc3 Qh4 26. Qg3 Qxg3+ (26...
Qe7 27. Ne4 Rxb2 28. Nf6+ $40) 27. hxg3 Rxb2 28. a4 Ra2 (28... Rd4 $5) 29. a5
Nd5 30. Ra1 Rc2 31. Rec1 Rxc1+ 32. Rxc1 Rc8 33. Nb3 Rxc1+ 34. Nxc1 Kf8 35. Kf1
Ke7 36. Ke2 Kd7 (36... h5 $1 {/\ h4=}) 37. Kd3 h5 38. Ne2 Kc6 39. Kc4 Kb7 (
39... a6 40. Nd4+ Kb7 41. Nb3 $16) 40. Nc3 $6 (40. Kc5 $1) 40... Nxc3 41. Kxc3
Kc6 42. Kb4 Kb7 43. Kb5 Kc7 44. Kc5 {Ftacnik,L} 1/2-1/2

[Event "Lvov zt"]
[Site "Lvov"]
[Date "1990.??.??"]
[Round "?"]
[White "Aseev, Konstantin N"]
[Black "Dreev, Alexey"]
[Result "0-1"]
[WhiteElo "2545"]
[BlackElo "2605"]
[Annotator "Ftacnik,L"]
[PlyCount "76"]
[EventDate "1990.02.??"]
[EventType "swiss"]
[EventRounds "9"]
[EventCountry "URS"]
[SourceTitle "CBM 018"]
[Source "ChessBase"]
[SourceDate "1990.10.01"]
[SourceVersion "1"]
[SourceVersionDate "1990.10.01"]
[SourceQuality "1"]

1. d4 d5 2. c4 c6 3. Nf3 Nf6 4. Nc3 e6 5. e3 Nbd7 6. Bd3 dxc4 7. Bxc4 b5 8. Bd3
Bb7 9. e4 b4 10. Na4 c5 11. e5 Nd5 12. O-O cxd4 13. Nxd4 Nxe5 14. Bb5+ Nd7 15.
Re1 Rc8 16. Qh5 g6 17. Qe5 Qf6 18. Nf3 Bg7 $1 {N} (18... Be7 19. Bh6 Rg8 20.
Rac1 Kd8 21. Qe2 Nb8 22. h4 $40 {Shabalov,A-Sorokin,M/Minsk/1990/ ->CBM 17})
19. Qg3 (19. Qd6 Qe7) 19... Qd8 20. Ne5 (20. Bg5 Qc7) 20... Bxe5 21. Qxe5 O-O
22. Qd4 $6 (22. Bxd7 Qxd7 23. Bh6 f6 24. Qxe6+ Qxe6 25. Rxe6 Rfe8 26. Rxe8+ (
26. Rae1 Rxe6 27. Rxe6 Kf7 28. Re1 g5) 26... Rxe8 27. Nc5 Bc6 $15) 22... Qf6 $1
23. Qxa7 Rc7 24. Be3 (24. Bxd7 Ra8 $19) 24... Bc6 25. Qxc7 (25. Qa6 Ra8) 25...
Nxc7 26. Bxc6 Ne5 27. Be4 Nd5 28. Bxd5 (28. Bc5 Rc8 29. Bxd5 exd5 30. Bxb4 Nd3)
28... exd5 29. Rad1 Re8 30. Nb6 (30. Rxd5 Ng4 31. Rd2 (31. h3 Rxe3 $19) 31...
Qh4 32. h3 Rxe3 33. Rxe3 Nxe3 $19) 30... Ng4 31. Nxd5 Qxb2 32. Bc5 Re2 33. Rf1
(33. Ne7+ Kg7 34. Bd4+ Qxd4) 33... Rd2 34. Rxd2 (34. h3) 34... Qxd2 35. Ne3 $6
(35. Nxb4 Qf4 36. g3 Qc4 37. Bd6 Nxh2 $19) 35... Nxf2 $1 36. Nf5 (36. Rxf2 Qc1+
37. Nf1 Qxc5 $19) (36. Nc4 Qc3) 36... Ng4 $1 37. Ne7+ Kg7 38. Nc6 Ne3 {Ftacnik,
L} 0-1

[Event "Hoogovens"]
[Site "Wijk aan Zee"]
[Date "1991.01.??"]
[Round "13"]
[White "Sokolov, Ivan"]
[Black "Chernin, Alexander"]
[Result "0-1"]
[WhiteElo "2570"]
[BlackElo "2610"]
[Annotator "Ftacnik,L"]
[PlyCount "128"]
[EventDate "1991.01.??"]
[EventType "tourn"]
[EventRounds "13"]
[EventCountry "NED"]
[EventCategory "14"]
[SourceTitle "CBM 022"]
[Source "ChessBase"]
[SourceDate "1991.06.01"]
[SourceVersion "1"]
[SourceVersionDate "1991.06.01"]
[SourceQuality "1"]

1. d4 d5 2. c4 c6 3. Nc3 Nf6 4. e3 e6 5. Nf3 Nbd7 6. Bd3 dxc4 7. Bxc4 b5 8. Bd3
Bb7 9. e4 b4 10. Na4 c5 11. e5 Nd5 12. O-O cxd4 13. Nxd4 Nxe5 14. Bb5+ Nd7 15.
Re1 Rc8 16. Qh5 g6 17. Qe2 a6 18. Bxa6 Bxa6 19. Qxa6 Bg7 20. Bg5 Nc7 21. Qa5 {N
} (21. Qb7 Rb8 22. Bxd8 Rxb7 23. Bxc7 Rxc7 24. Nb5 Rc2 25. Rac1 Rxc1 26. Rxc1
O-O $10 {Vyzhmanavin,A-Novikov,I/Moscow/1990/ ->TD90_02}) 21... Ra8 22. Bxd8
Rxa5 23. Bxc7 Rxa4 24. Red1 Nf6 (24... O-O 25. Nxe6 fxe6 26. Rxd7 Bxb2 27. Rb1
Bc3 $10) 25. Be5 (25. Nc6 Nd5 26. Be5 Bxe5 27. Nxe5 O-O $15) 25... O-O 26. a3 (
26. b3 Ra6 27. Nc2 Nd5) 26... Nd5 27. Bxg7 Kxg7 28. Nc2 bxa3 29. Rxa3 Rc4 $15
30. Ne3 Nxe3 31. Rxe3 Rc2 32. b3 Rd8 $1 33. Ra1 (33. Rb1 Rb2 $1 34. Ree1 Rdd2)
33... Ra8 34. Ree1 Rxa1 35. Rxa1 Rb2 36. h4 Rxb3 37. g3 h6 38. Ra5 Kf6 39. Kg2
Rd3 40. Ra7 Rd6 41. Kf3 e5 42. Ra8 Rd3+ 43. Ke4 Rd4+ 44. Ke3 Kf5 45. Ra7 f6 46.
Rh7 h5 47. Rg7 Rg4 48. Rh7 Rb4 49. Kf3 $2 (49. Rf7 $1 $15) 49... e4+ 50. Ke2
Rb2+ 51. Ke3 Rb3+ 52. Ke2 Rb2+ 53. Ke3 Rb3+ 54. Ke2 Kg4 55. Rh6 Kh3 $1 56. Rxg6
Rf3 57. Rh6 Kg2 58. Rxh5 Rxf2+ 59. Ke3 f5 60. Rg5 Kf1 61. g4 Rf3+ 62. Kd4 e3
63. Rxf5 Rxf5 64. Kxe3 Rf8 {Ftacnik,L} 0-1